[Event "GER-chT U16"]
[Site "Lingen"]
[Date "2015.12.29"]
[Round "5.2"]
[White "Hesse, Henrik"]
[Black "Surguchov, Alexander"]
[Result "1-0"]
[WhiteElo "1881"]
[BlackElo "1792"]
[PlyCount "61"]
[EventDate "2015.12.27"]
[EventType "team-swiss"]
[EventRounds "7"]
[EventCountry "GER"]
[SourceTitle "EXT 2017"]
[Source "ChessBase"]
[SourceDate "2016.10.25"]
[SourceVersion "1"]
[SourceVersionDate "2016.10.25"]
[SourceQuality "1"]
[WhiteTeam "Berlin Mattnetz"]
[BlackTeam "Duesseldorf Sued"]
[WhiteTeamCountry "GER"]
[BlackTeamCountry "GER"]

1. c4 e6 2. Nc3 f5 3. d4 d5 4. Bf4 c6 5. e3 Nf6 6. Bd3 Bd6 7. Bg3 0-0 8. Nf3 Ne4 9. Qc2 Qc7 10. 0-0-0 Nd7 11. Rdf1 Bxg3 12. hxg3 Ndf6 13. Ne5 Qa5 14. Bxe4 Nxe4 15. Nxe4 dxe4 16. Kb1 Qc7 17. Qe2 g6 18. Rh6 Qg7 19. Rfh1 c5 20. Rxh7 Qxh7 21. Rxh7 Kxh7 22. dxc5 Rd8 23. Qe1 Bd7 24. Qh1+ Kg7 25. Qh4 Be8 26. Qe7+ Kh8 27. Kc2 Rac8 28. Qxe6 Kg7 29. g4 a6 30. gxf5 gxf5 31. Qxf5 1-0

[Event "GER-chT U14"]
[Site "Magdeburg"]
[Date "2013.12.27"]
[Round "2.2"]
[White "Schulte, Felix"]
[Black "Surguchov, Alexander"]
[Result "1/2-1/2"]
[WhiteElo "1758"]
[BlackElo "1678"]
[PlyCount "73"]
[EventDate "2013.12.27"]
[EventType "team-swiss"]
[EventRounds "4"]
[EventCountry "GER"]
[SourceTitle "EXT 2015"]
[Source "ChessBase"]
[SourceDate "2014.11.20"]
[SourceVersion "1"]
[SourceVersionDate "2014.11.20"]
[SourceQuality "1"]
[WhiteTeam "Halle"]
[BlackTeam "Duesseldorf Sued"]
[WhiteTeamCountry "GER"]
[BlackTeamCountry "GER"]

1. e4 e6 2. d4 d5 3. Nd2 Ne7 4. Ngf3 Ng6 5. exd5 exd5 6. Nb3 Bf5 7. Bd3 Bxd3 8. Qxd3 c6 9. 0-0 Be7 10. Re1 0-0 11. Bd2 Nd7 12. a3 a5 13. Qf5 Nf6 14. Ne5 a4 15. Nc1 Ne4 16. Bb4 Bxb4 17. axb4 Qf6 18. Qxf6 Nxf6 19. Ncd3 Ne4 20. f3 Nd6 21. Nxg6 fxg6 22. Nc5 b5 23. Nd7 Rfe8 24. Ne5 Rec8 25. g4 Nc4 26. Nxc4 dxc4 27. Re5 Re8 28. Rxe8+ Rxe8 29. Kf2 Kf7 30. c3 Kf6 31. f4 g5 32. f5 g6 33. fxg6 Kxg6 34. Re1 Rxe1 35. Kxe1 Kf6 36. Kf2 Ke6 37. Ke3 1/2-1/2

[Event "GER-chT U14"]
[Site "Magdeburg"]
[Date "2012.12.29"]
[Round "6.2"]
[White "Wiesner, Alexander"]
[Black "Surguchov, Alexander"]
[Result "1-0"]
[WhiteElo "1644"]
[BlackElo "1553"]
[PlyCount "81"]
[EventDate "2012.12.27"]
[EventType "team-swiss"]
[EventRounds "7"]
[EventCountry "GER"]
[SourceTitle "EXT 2014"]
[Source "ChessBase"]
[SourceDate "2013.11.20"]
[SourceVersion "1"]
[SourceVersionDate "2013.11.20"]
[SourceQuality "1"]
[WhiteTeam "Karlsruhe 1853"]
[BlackTeam "Duesseldorf SF 75"]
[WhiteTeamCountry "GER"]
[BlackTeamCountry "GER"]

1. e4 e6 2. d4 d5 3. Nc3 Bb4 4. e5 c5 5. a3 Bxc3+ 6. bxc3 Qc7 7. Bd2 Ne7 8. Bd3 c4 9. Bf1 Bd7 10. Qg4 Ng6 11. h4 h5 12. Qf3 Ba4 13. Qd1 Nd7 14. Be2 Ne7 15. Bxh5 g6 16. Be2 0-0-0 17. Bg5 Nf8 18. Bf6 Rg8 19. Bg5 Nh7 20. Nf3 Nxg5 21. Nxg5 Nf5 22. Bg4 Qe7 23. Bxf5 gxf5 24. f4 f6 25. exf6 Qxf6 26. Kd2 Rh8 27. g3 Rdg8 28. Qe2 Bd7 29. Rhb1 Rg6 30. Rb4 Bc6 31. Re1 Kd7 32. Rbb1 Rf8 33. Nh7 Qg7 34. Nxf8+ Qxf8 35. Rbd1 Qg8 36. Qf2 Rxg3 37. Rg1 Rxg1 38. Qxg1 Qxg1 39. Rxg1 Ke7 40. h5 Be8 41. h6 1-0

[Event "Solingen Karneval op"]
[Site "Solingen"]
[Date "2012.02.18"]
[Round "3"]
[White "Buckels, Valentin"]
[Black "Surguchov, Alexander"]
[Result "1/2-1/2"]
[WhiteElo "1716"]
[BlackElo "1640"]
[PlyCount "90"]
[EventDate "2012.02.17"]
[EventType "swiss"]
[EventRounds "5"]
[EventCountry "GER"]
[SourceTitle "EXT 2015"]
[Source "ChessBase"]
[SourceDate "2014.11.20"]
[SourceVersion "1"]
[SourceVersionDate "2014.11.20"]
[SourceQuality "1"]

1. d4 e6 2. c4 f5 3. Nf3 Nf6 4. g3 d5 5. b3 c6 6. Bg2 Bd6 7. 0-0 Qe7 8. Bb2 0-0 9. Ne5 Nbd7 10. e3 Ne4 11. f3 Nef6 12. Qc1 a5 13. a4 Bb4 14. Nc3 Nxe5 15. dxe5 Nd7 16. Na2 Nc5 17. Qc2 Na6 18. cxd5 exd5 19. f4 Bc5 20. Qc3 Nb4 21. Rfc1 Nxa2 22. Qxc5 Qxc5 23. Rxc5 Nb4 24. Ba3 Be6 25. Rxa5 Nc2 26. Rxa8 Rxa8 27. Ra2 Nxe3 28. Bc5 Nxg2 29. Kxg2 Kf7 30. a5 g6 31. b4 Bd7 32. h3 h6 33. Rf2 Rg8 34. Bd6 Be6 35. Kf3 h5 36. h4 Ra8 37. Rb2 Bd7 38. Ke3 Ke6 39. Kd4 Ra6 40. Kc5 Kf7 41. Bc7 Ke6 42. Bd8 Be8 43. Bb6 Ra8 44. Bc7 Ra6 45. Bd6 Bd7 1/2-1/2

[Event "Solingen Karneval op"]
[Site "Solingen"]
[Date "2012.02.17"]
[Round "1"]
[White "Surguchov, Alexander"]
[Black "Jakob, Matthias1"]
[Result "0-1"]
[WhiteElo "1640"]
[BlackElo "2005"]
[PlyCount "92"]
[EventDate "2012.02.17"]
[EventType "swiss"]
[EventRounds "5"]
[EventCountry "GER"]
[SourceTitle "EXT 2015"]
[Source "ChessBase"]
[SourceDate "2014.11.20"]
[SourceVersion "1"]
[SourceVersionDate "2014.11.20"]
[SourceQuality "1"]

1. e4 e6 2. d4 d5 3. e5 c5 4. c3 Nc6 5. Nf3 Nh6 6. a3 f6 7. b4 cxd4 8. cxd4 a6 9. Bb2 Be7 10. Bd3 0-0 11. 0-0 Nf7 12. Qc2 h6 13. Bh7+ Kh8 14. Nh4 f5 15. Ng6+ Kxh7 16. Nxf8+ Qxf8 17. Re1 Bd7 18. g4 Ng5 19. Kg2 Rc8 20. Qd3 g6 21. gxf5 exf5 22. Nc3 Be6 23. f4 Ne4 24. Nxe4 fxe4 25. Qg3 Qf5 26. Rg1 Nxb4 27. axb4 Rc2+ 28. Kh1 Rxb2 29. Rac1 Bd8 30. Rb1 Rxb1 31. Rxb1 e3 32. Re1 Qe4+ 33. Kg1 Bb6 34. Qg2 Qxg2+ 35. Kxg2 Bxd4 36. Kf3 Bb6 37. Rc1 d4 38. Rg1 d3 39. Rd1 e2 40. Rxd3 e1N+ 41. Ke2 Nxd3 42. Kxd3 Bg1 43. h4 h5 44. Ke4 Bf2 45. Kf3 Bxh4 46. Kg2 Be7 0-1

[Event "GER-chT U12"]
[Site "Arendsee"]
[Date "2011.12.29"]
[Round "5.1"]
[White "Poghosyan, Tigran"]
[Black "Surguchov, Alexander"]
[Result "1/2-1/2"]
[WhiteElo "1770"]
[BlackElo "1602"]
[PlyCount "58"]
[EventDate "2011.12.27"]
[EventType "team-swiss"]
[EventRounds "7"]
[EventCountry "GER"]
[SourceTitle "EXT 2022"]
[Source "ChessBase"]
[SourceDate "2021.10.06"]
[SourceVersion "1"]
[SourceVersionDate "2021.10.06"]
[SourceQuality "1"]
[WhiteTeam "Luebeck SV U12"]
[BlackTeam "Duesseldorf U12"]
[WhiteTeamCountry "GER"]
[BlackTeamCountry "GER"]

1. e4 e6 2. d4 d5 3. Nd2 c5 4. exd5 Qxd5 5. Ngf3 cxd4 6. Bc4 Qd6 7. 0-0 Nc6 8. Re1 Bd7 9. Nb3 0-0-0 10. Nbxd4 Nxd4 11. Qxd4 Qxd4 12. Nxd4 Bc5 13. Be3 Be7 14. Rad1 Bf6 15. c3 Ne7 16. Rd2 a6 17. Red1 Nc6 18. Nxc6 Bxc6 19. Rxd8+ Rxd8 20. Rxd8+ Bxd8 21. Bd4 g6 22. f3 b5 23. Bd3 Kb7 24. Kf2 Bc7 25. g3 Bb6 26. Bxb6 Kxb6 27. b4 Bd5 28. a3 Kc6 29. Ke3 Kd6 1/2-1/2

[Event "GER-chT U12"]
[Site "Arendsee"]
[Date "2011.12.28"]
[Round "3.1"]
[White "Wichmann, Adrian"]
[Black "Surguchov, Alexander"]
[Result "1/2-1/2"]
[WhiteElo "1694"]
[BlackElo "1602"]
[PlyCount "61"]
[EventDate "2011.12.27"]
[EventType "team-swiss"]
[EventRounds "7"]
[EventCountry "GER"]
[SourceTitle "EXT 2022"]
[Source "ChessBase"]
[SourceDate "2021.10.06"]
[SourceVersion "1"]
[SourceVersionDate "2021.10.06"]
[SourceQuality "1"]
[WhiteTeam "Seubelsdorf U12"]
[BlackTeam "Duesseldorf U12"]
[WhiteTeamCountry "GER"]
[BlackTeamCountry "GER"]

1. e4 e6 2. d4 d5 3. exd5 exd5 4. Bd3 Bd6 5. Ne2 Nf6 6. Nbc3 0-0 7. f3 h6 8. Bf4 Re8 9. 0-0 Be7 10. Qd2 Be6 11. Ng3 a6 12. Bf5 Bxf5 13. Nxf5 Qd7 14. Ng3 Nc6 15. Rfe1 Bb4 16. a3 Ba5 17. Be3 Bb6 18. Bf2 Ba7 19. Re2 Rxe2 20. Ngxe2 Re8 21. Kf1 Qf5 22. Ng3 Qd7 23. Re1 Rxe1+ 24. Kxe1 Qe6+ 25. Nce2 Ne8 26. c3 Nd6 27. b3 Na5 28. Qc2 c6 29. Kf1 b5 30. Nf4 Qe7 31. Nd3 1/2-1/2

[Event "Duesseldorf Nord Cup 9th GrL"]
[Site "Duesseldorf"]
[Date "2009.08.14"]
[Round "1"]
[White "Surguchov, Alexander"]
[Black "Marx, Patrick"]
[Result "1-0"]
[WhiteElo "1347"]
[BlackElo "1406"]
[PlyCount "99"]
[EventDate "2009.08.14"]
[EventType "tourn"]
[EventRounds "5"]
[EventCountry "GER"]
[SourceTitle "EXT 2020"]
[Source "ChessBase"]
[SourceDate "2019.10.17"]
[SourceVersion "1"]
[SourceVersionDate "2019.10.17"]
[SourceQuality "1"]

1. e4 c6 2. d4 d5 3. exd5 cxd5 4. c4 Nf6 5. Nc3 e6 6. Nf3 Be7 7. Bd3 dxc4 8. Bxc4 Nbd7 9. 0-0 0-0 10. Bf4 a6 11. Qc2 b5 12. Bd3 Nb6 13. Ne4 h6 14. Bc7 Qd7 15. Bxb6 Bb7 16. Rfe1 Rac8 17. Qe2 Rc6 18. Bc5 Rcc8 19. b4 Nd5 20. Bxe7 Qxe7 21. a3 Nf4 22. Qe3 Nxd3 23. Qxd3 Bxe4 24. Rxe4 Qd6 25. Ree1 Rc7 26. Rac1 Rfc8 27. Rxc7 Qxc7 28. h3 Qf4 29. Qe3 Qc7 30. Qe4 Qc3 31. Qe3 Qc7 32. Qd3 Rd8 33. Qd2 Qc4 34. Rc1 Qd5 35. Rc5 Qb7 36. Ne5 Qb6 37. Nc6 Rd7 38. d5 Kh7 39. Ne5 Ra7 40. Qc2+ g6 41. Rc6 Qd4 42. Rc7 Rxc7 43. Qxc7 Qxd5 44. Nxf7 Kg8 45. Nxh6+ Kh8 46. Qf7 Qd1+ 47. Kh2 Qd6+ 48. g3 Qb8 49. Qxg6 Qf8 50. Nf7+ 1-0